000 00670nam a2200205Ii 4500
003 JO-AjNU
008 230605s9999||||xx |||||||||||||| ||und||
040 _aJO-AjNU
_bara
_erda
_cJO-AjNU
041 _aara
050 1 4 _aPJ7541.M57.D3588 2003
100 3 _aضمرية، محمد خير,
_eauthor
_940652
245 0 0 _aمنظومة الانتظام في سيرة خير الانام
250 _aط2
264 3 1 _aدمشق: دار قتيبة، 2003
300 _a141ص
336 _atext
_btxt
_2rdacontent
337 _aunmediated
_bn
_2rdamedia
338 _avolume
_bnc
_2rdacarrier
650 4 _aالسيرة النبوية-شعر-الشعر الديني
_940653
999 _aA17270
_c20838
_d20838